Bienvenue à la Médiathèque de Saint-Andiol
banniere
Accueil Recherche avancée Mon compte
handi1 Rechercher dans le catalogue

Filtre   Mots-clés
  Recherche avancée
 
Lister les dernières nouveautés
 
Lister les livres GROS CARACTERES
 
Lister les périodiques (magazines)

handi1 Course au trésor (La)

<< Retourner aux résultats de la recherche
Book Cover
Auteur principal : Grégory Tessier
Autres auteurs : Amandine
Titre : Course au trésor (La)
Support : Livres
Langue : Francais
Series : Mistinguette
Genre : Bande Dessinée (enfants)
Sujets :
Étiquettes :
Pas de tags
LEADER 01447nam0a2200205 450
001 16867419
010 |a 978-2-8222-3934-9  |b cart.  |d 11,95 € 
100 |a 20240626d2024 u u0frey01 ba 
101 0 |a fre 
102 |a FR 
200 0 |a Course au trésor (La)  |f scénario Greg Tessier & Amandine  |g dessin, couleurs Amandine 
207 1 |a   
215 |a 1 vol. (54 p.)  |c illustrations en couleur  |d 31 x 23 cm 
330 |a A l'occasion d'un championnat organisé par son école, Chloé embarque pour un séjour sportif au sein d'un immense château. Entraînée dans cette course au trésor par sa meilleure amie Fatoumata, elle aura cependant du mal à trouver sa place, entre les railleries de la peste Anissa et le mépris d'un groupe de garçons un brin autoritaires. Notre petite héroïne pourra heureusement compter sur le soutien de son voisin Victor, élève du collège adverse. Réussira-t-elle à s'imposer dans ce marathon sans pitié vers la victoire ? Son amitié naissante avec Victor parviendra-t-elle à être préservée ? Entre esprit d'équipe et stratégies individuelles, solidarité et complots, suivez Mistinguette lors d'une compétition riche en émotion ! 
461 0 |t Mistinguette  |v 15 
700 0 |a Tessier  |b Grégory  |4 70 
701 0 |a Amandine  |f 1980-....  |4 70 
900 |a Bande Dessinée (enfants) 
901 |a Jeunesse 
995 |a Médiathèque  |c Médiathèque  |f 00156008861486  |h 00156008861486  |k BD MIS  |o p  |q j  |r az  |e Médiathèque